000 00211nam a22000857a 4500
999 _c11435
_d11435
008 190521b ||||| |||| 00| 0 eng d
020 _a9780099546689
100 _97166
_aSCHAMA SIMON
245 _aTHE STORY OF THE JEWS